Imigrace jako politický argument a francouzské prezidentské volby 2007

Problematika imigrácie ako jedna zo zásadných tém verejných diskusií vo francúzskej spoločnosti. Otázka prisťahovalcov ako možných pôvodcov problémov v krajine. Imigračná politika Francúzskej republiky v rokoch 1974 a 1998. Imigračný zákon z júla 2006. Imigrácia, predvolebná prezidentská kampaň a Ni...

ver descrição completa

Na minha lista:
Detalhes bibliográficos
Autor principal: Sitek, Pavel
Formato: Capítulo de Livro
Idioma:tcheco
Assuntos:
Tags: Adicionar Tag
Sem tags, seja o primeiro a adicionar uma tag!

MARC

LEADER 00000naa$a2200000$$$4500
001 0059539
005 20231016092857.8
041 0 |a cze 
044 |a CZ 
245 1 0 |a Imigrace jako politický argument a francouzské prezidentské volby 2007  |c Pavel Sitek 
520 |a Problematika imigrácie ako jedna zo zásadných tém verejných diskusií vo francúzskej spoločnosti. Otázka prisťahovalcov ako možných pôvodcov problémov v krajine. Imigračná politika Francúzskej republiky v rokoch 1974 a 1998. Imigračný zákon z júla 2006. Imigrácia, predvolebná prezidentská kampaň a Nicolas Sarkozy. 
610 2 0 |a migrácia 
610 2 0 |a imigrácia 
610 2 0 |a trh práce 
610 2 0 |a cudzinci 
610 2 0 |a národnosti 
610 2 0 |a islam 
610 2 0 |a hranice štátne 
610 2 0 |a identita 
610 2 0 |a štát 
610 2 0 |a politika zahraničná 
610 2 0 |a politika vnútorná 
610 2 0 |a voľby 
610 2 0 |a prezidenti 
610 2 0 |a právo 
610 2 0 |a Francúzsko 
100 1 |a Sitek, Pavel